01295nas a2200241Ia 4500001001100000003001000011008004100021040002500062041001400087100001900101210001900120222001900139245006400158250001100222260005100233300001100284310001600295362002200311500028800333501011400621520028800735650003001023R220-R1894IT-CnALBA170116c99999999xx |||||||||||| ||und|| aIT-CnALBAcIT-CnALBA aFRANCESE  aDHEILLY JOSEPH aEN CE TEMPS LA aEN CE TEMPS LA 0aEN CE TEMPS-LA'. LA BIBLE. PUBLICATION HEBDOMADAIRE N. 14.  a1a ed. a ODEGE BRUXEL.bFEMMES D'AUJOURD'HUI ED.cn.d. a32 p.  aSETTIMANALE aFascicolo: 14 /  aLA BIBBIA. DEUTERONOMIO CAPITOLI 1 16. GARANZIA DI GIUSTIZIA NELLA LEGGE DEL SINAI. DIVIETO DI AGGRESSIONE A CANAAN DAL SUD. LE IMMAGINI. ANNO GIUBILARE. PERSONAGGI E TERMINI BIBLICI. DISCORSO DI MOSÈ. VITTORIA SU SHEON DEGLI AMORREI JAHVÈ ALLA GUIDA DEL POPOLO. I COMANDAMENTI.  aSocietà San Paolo EM - Piazza San Paolo, 14 - 12051 ALBA (CN) (non commercial uses only) ® Copyright 2017 aLA BIBBIA. DEUTERONOMIO CAPITOLI 1 16. GARANZIA DI GIUSTIZIA NELLA LEGGE DEL SINAI. DIVIETO DI AGGRESSIONE A CANAAN DAL SUD. LE IMMAGINI. ANNO GIUBILARE. PERSONAGGI E TERMINI BIBLICI. DISCORSO DI MOSÈ. VITTORIA SU SHEON DEGLI AMORREI JAHVÈ ALLA GUIDA DEL POPOLO. I COMANDAMENTI.  aBIBBIA - TESTI E COMMENTI